00914cam a22002415a 450000500170000000800410001701000170005802000250007503500170010003700270011704000170014408200080016110000160016924500600018526000420024527000820028730000440036949000230041365100480043665100590048465100600054365100690060320090217114729.0081107s2008 ii b 000 0 eng  aB-341214-232 a9788123753744c45.00 aB-341214-232 bNorth India Publishers adplbEnglish a921 aAmrik Singh aMulk Raj Anand:cby Amrik Singhbrole and achievement / aNew Delhi bNational Book Trustc2008 aNehru Bhawan, 5 Institutional Area, Phase II, Vasant KunjbNew Delhi e110070 aviii,138 p. :c22 cm.(pbk)bcol. photos aNational biography aIndiaxHistoryySepoy Rebellion, 1857-1858. aPunjab (India)xPolitics and governmenty19th century. aHaryana (India)xPolitics and governmenty19th century. aHimachal Pradesh (India)xPolitics and governmenty19th century.